000
00261nam a2200097Ia 4500
008
230907s9999||||xx |||||||||||||| ||und||
082
_a
621,REL
245
0
_a
Reliability modeling and analysis of smart power systems /
300
_a
xiv, 202 pages :
942
_c
BK
999
_c
597789
_d
597789